The Negligence Liability of Public Authorities (Record no. 18221)
[ view plain ]
| 000 -LEADER | |
|---|---|
| fixed length control field | 00405nam a22001577a 4500 |
| 008 - FIXED-LENGTH DATA ELEMENTS--GENERAL INFORMATION | |
| fixed length control field | 200206b xxu||||| |||| 00| 0 eng d |
| 020 ## - INTERNATIONAL STANDARD BOOK NUMBER | |
| International Standard Book Number | 0199692552 |
| 050 ## - LIBRARY OF CONGRESS CALL NUMBER | |
| Classification number | KD1994 |
| Item number | .F35 2019 c.1 |
| 100 ## - MAIN ENTRY--PERSONAL NAME | |
| Personal name | Fairgrieve, Duncan |
| 245 ## - TITLE STATEMENT | |
| Title | The Negligence Liability of Public Authorities |
| 250 ## - EDITION STATEMENT | |
| Edition statement | 2nd ed. |
| 260 ## - PUBLICATION, DISTRIBUTION, ETC. (IMPRINT) | |
| Place of publication, distribution, etc. | UK |
| Name of publisher, distributor, etc. | OUP |
| Date of publication, distribution, etc. | 2019 |
| 300 ## - PHYSICAL DESCRIPTION | |
| Extent | lxi, 889p. |
| 700 ## - ADDED ENTRY--PERSONAL NAME | |
| Personal name | Dan Squires |
| 942 ## - ADDED ENTRY ELEMENTS (KOHA) | |
| Source of classification or shelving scheme | Library of Congress Classification |
| Koha item type | General Collection |
| Withdrawn status | Lost status | Source of classification or shelving scheme | Not for loan | Home library | Current library | Date acquired | Cost, normal purchase price | Total Checkouts | Full call number | Barcode | Date last seen | Price effective from | Koha item type |
|---|---|---|---|---|---|---|---|---|---|---|---|---|---|
| Library of Congress Classification | Kabarak, Main Campus | Kabarak, Main Campus | 06/02/2020 | 23531.00 | KD1994 .F35 2019 c.1 | 028267 | 06/02/2020 | 06/02/2020 | General Collection | ||||
| Library of Congress Classification | Kabarak, Main Campus | Kabarak, Main Campus | 06/02/2020 | 23531.00 | KD1994 .F35 2019 c.2 | 028269 | 06/02/2020 | 06/02/2020 | General Collection |